Personnages de fiction fusionnés à des célébrités françaises - Statistiques

Statistiques générales
  • Ce quiz a été pris 13 627 fois
  • Le résultat moyen est 12 sur 18
Statistiques - réponses
Réponses % Correct
Emmanuel Macron
99%
Blanche-Neige
89%
Harry Potter
88%
Mario
88%
Mickey Mouse
88%
Iron Man
87%
Le Grinch
84%
Naruto Uzumaki
84%
Zinedine Zidane
83%
Catwoman
79%
Maléfique
69%
Jean Dujardin
60%
Marion Cotillard
56%
Mylène Farmer
51%
Edith Piaf
36%
David Guetta
21%
Charles de Gaulle
11%
Catherine Deneuve
10%
Aucun quiz correspondant
Distribution des résultats
% des personnes avec chaque résultat
Percentile par nombre de réponses
Votre historique - résultats
Vous n’avez pas pris ce quiz